000 00705nam a2200193Ii 4500
003 JO-AjNU
008 230605s9999||||xx |||||||||||||| ||und||
040 _aJO-AjNU
_bara
_erda
_cJO-AjNU
041 _aara
050 1 4 _aBP130.4.T2 1989
100 3 _aبقلم طباره، عفيف عبد الفتاح,
_eauthor
_920384
245 0 0 _aروح القرأن الكريم : تفسير جزء الاحقاف، ج26
264 3 1 _aبيروت: دار العلم للملايين،1989
300 _aج26: 156ص
336 _atext
_btxt
_2rdacontent
337 _aunmediated
_bn
_2rdamedia
338 _avolume
_bnc
_2rdacarrier
650 4 _aجزء الاحقاف - تفسير - القران الكريم
_920385
999 _aA6900
_c10468
_d10468